Southville International School and Colleges
Your cart is empty.
  • Cart
  • Lists
    Public lists Eva Luna New books Lux_list list_1
    Your lists Log in to create your own lists
  • Log in to your account
  • Your cookies
  • Search history
Southville International School and Colleges
  • Advanced search
  • Recent comments
  • Most popular
  • Libraries

Log in to your account

Log in with GOOGLE


If you do not have an external account, but do have a local account, you can still log in:

  1. Home
  2. MARC view: Death be not proud /
Normal view MARC view ISBD view

Death be not proud / (Record no. 34398)

[ view plain ]
MARC details
000 -LEADER
fixed length control field 00771cam a22002891 4500
001 - CONTROL NUMBER
control field 6485713
003 - CONTROL NUMBER IDENTIFIER
control field OSt
005 - DATE AND TIME OF LATEST TRANSACTION
control field 20140310184436.0
008 - FIXED-LENGTH DATA ELEMENTS--GENERAL INFORMATION
fixed length control field 741002s1949 enk 000 0 eng
010 ## - LIBRARY OF CONGRESS CONTROL NUMBER
LC control number 49027515
020 ## - INTERNATIONAL STANDARD BOOK NUMBER
International Standard Book Number 0590223569
035 ## - SYSTEM CONTROL NUMBER
System control number (OCoLC)1028338
040 ## - CATALOGING SOURCE
Original cataloging agency DLC
Transcribing agency TxU-Da
Modifying agency OCoLC
-- DLC
042 ## - AUTHENTICATION CODE
Authentication code premarc
050 00 - LIBRARY OF CONGRESS CALL NUMBER
Classification number CT 275.G855
Item number .G8 1949
100 1# - MAIN ENTRY--PERSONAL NAME
Personal name Gunther, John,
Dates associated with a name 1901-1970.
9 (RLIN) 27240
245 10 - TITLE STATEMENT
Title Death be not proud /
Statement of responsibility, etc John Gunther.
260 ## - PUBLICATION, DISTRIBUTION, ETC. (IMPRINT)
Place of publication, distribution, etc New York :
Name of publisher, distributor, etc Scholastic,
Date of publication, distribution, etc 1949.
300 ## - PHYSICAL DESCRIPTION
Extent 212 p. :
Dimensions 19 cm.
521 ## - TARGET AUDIENCE NOTE
Target audience note
526 ## - STUDY PROGRAM INFORMATION NOTE
Reading level 1060
600 10 - SUBJECT ADDED ENTRY--PERSONAL NAME
Personal name Gunther, John,
Dates associated with a name 1929-1947.
9 (RLIN) 27241
906 ## - LOCAL DATA ELEMENT F, LDF (RLIN)
a 7
b cbc
c oclcrpl
d u
e ncip
f 19
g y-gencatlg
942 ## - ADDED ENTRY ELEMENTS (KOHA)
Source of classification or shelving scheme Library of Congress Classification
Koha item type
Holdings
Withdrawn status Lost status Source of classification or shelving scheme Damaged status Home library Current library Shelving location Date acquired Total Checkouts Full call number Barcode Date last seen Copy number Price effective from Koha item type
    Library of Congress Classification   Luxembourg Library Luxembourg Library Scholastic Reading Center Section 10/10/2013   CT 275.G855 .G8 1949 LEX2409 10/26/2018 1 10/10/2013 Books

Death be not proud /

APA

Gunther J., . (1949). Death be not proud. New York: Scholastic.

Chicago

Gunther John, . 1949. Death be not proud. New York: Scholastic.

Harvard

Gunther J., . (1949). Death be not proud. New York: Scholastic.

MLA

Gunther John, . Death be not proud. New York: Scholastic. 1949.

  • Place hold
  • Print
  • Cite
  • Add to your cart (remove)
  • Save record
    BIBTEX Dublin Core MARCXML MARC (non-Unicode/MARC-8) MARC (Unicode/UTF-8) MARC (Unicode/UTF-8, Standard) MODS (XML) RIS
  • More searches
    Search for this title in:
    Other Libraries (WorldCat) Other Databases (Google Scholar) Online Stores (Bookfinder.com) Open Library (openlibrary.org)

Exporting to Dublin Core...

SOUTHVILLE LIBRARY

Southville International School and Colleges Library

1281 Tropical Ave. Cor. Luxembourg St., BF Homes International, Las Pinas City

Tel. No. 8256374 / 252358 Loc. 117/146

Powered by Koha